000 00467nam a2200109Ia 4500
008 171204s9999 xx 000 0 und d
245 _aAssessment of Current Cybersecurity Practices in the Public Domain: Cyber Indications and Warnings Domain by Sandia National Laboratories
245 _cPenny Hill Press and Sandia National Laboratories
260 _c2016
650 _xFUNDAMENTALS OF INFORMATION SECURITY
856 _uhttp://down.ebook777.com/047/9781541296053.pdf
999 _c347179
_d347179